| 000 | 00912nam a2200313Ia 4500 | ||
|---|---|---|---|
| 003 | OSt | ||
| 005 | 20221006144335.0 | ||
| 006 | a|||||r|||| 00| 0 | ||
| 007 | ta | ||
| 008 | 221006b |||||||| |||| 00| 0 eng d | ||
| 020 |
_c _10.00 (each) |
||
| 024 | _a11,454 | ||
| 037 | _cTextual | ||
| 040 |
_aEASL _cEASL _beng |
||
| 041 |
_2eng _aeng |
||
| 082 | _aU8.41.N5, K1;2 | ||
| 100 | _aSNOW Edgar | ||
| 245 | 0 |
_aOther sied of the river _b Red China today |
|
| 260 |
_aNew York _bRandom House _c1961 |
||
| 300 |
_a810p. _ccm. |
||
| 490 | _v CEL | ||
| 650 |
_a China - Northwest _9651682 |
||
| 650 |
_a China - Socialist Construction _9651683 |
||
| 650 |
_a China - The Democratic Dictatorship _9651684 |
||
| 650 |
_a China - Where The Waves Beat _9651685 |
||
| 650 |
_aChina - Rediscovering _9651686 |
||
| 942 |
_hU8.41.N5, K1;2 _cTEXL _2CC |
||
| 999 |
_c1079540 _d1079540 |
||